Navajo Weavings (Record no. 9064)

MARC details
000 -CABECERA
campo de control de longitud fija 01019nam a2200277 a 4500
001 - NÚMERO DE CONTROL
campo de control BRL_251
005 - FECHA Y HORA DE LA ÚLTIMA TRANSACCIÓN
campo de control 20190320210644.0
008 - DATOS DE LONGITUD FIJA--INFORMACIÓN GENERAL
campo de control de longitud fija 160713s1997----u--o######---#000-0#eng-#
020 ## - NÚMERO INTERNACIONAL ESTÁNDAR DEL LIBRO
Número Internacional Estándar del Libro 0891780750
041 ## - CÓDIGO DE LENGUA
Código de lengua del texto/banda sonora o título independiente eng
044 ## - CÓDIGO DEL PAÍS DE LA ENTIDAD EDITORA/PRODUCTORA
Código MARC del país u
050 #4 - SIGNATURA TOPOGRÁFICA DE LA BIBLIOTECA DEL CONGRESO
Número de clasificación E99.N3
Número de documento/Ítem .H43 1997
100 1# - ENTRADA PRINCIPAL--NOMBRE DE PERSONA
Nombre de persona Hedlund, Ann Lane
9 (RLIN) 23357
245 10 - MENCIÓN DE TÍTULO
Título Navajo Weavings
Resto del título from the Andy Williams Collection
Mención de responsabilidad, etc. Ann Lane Hedlund ; with a personal introduction by Bill Pearson.
260 ## - PUBLICACIÓN, DISTRIBUCIÓN, ETC.
Lugar de publicación, distribución, etc. San Luis, Misuri
Nombre del editor, distribuidor, etc. Saint Louis Art Museum
Fecha de publicación, distribución, etc. c1997
300 ## - DESCRIPCIÓN FÍSICA
Extensión 79 p.
Otras características físicas il. a color
Dimensiones 30 cm.
500 ## - NOTA GENERAL
Nota general Incluye dedicatoria para Ruth Lechuga
500 ## - NOTA GENERAL
Nota general Catálogo de la exposición realizada en The Saint Louis Art Museum (San Luis, Misuri), 26 octubre, 1997 - 4 enero, 1998
500 ## - NOTA GENERAL
Nota general Au297
504 ## - NOTA DE BIBLIOGRAFÍA, ETC.
Nota de bibliografía, etc. Bibliografía : p. 79
600 14 - PUNTO DE ACCESO ADICIONAL DE MATERIA--NOMBRE DE PERSONA
Nombre de persona Williams, Andy
Fechas asociadas al nombre 1927-2012
Subdivisión de forma Exposiciones
Subdivisión general Colecciones de arte
9 (RLIN) 23358
650 14 - PUNTO DE ACCESO ADICIONAL DE MATERIA--TÉRMINO DE MATERIA
Término de materia o nombre geográfico como elemento de entrada Fabricación de textiles navajo
Subdivisión de forma Exposiciones
9 (RLIN) 23359
700 1# - PUNTO DE ACCESO ADICIONAL--NOMBRE DE PERSONA
Nombre de persona Pearson, Bill
9 (RLIN) 23360
902 ## - CATALOGADOR
Iniciales GRL
942 ## - ELEMENTOS DE PUNTO DE ACCESO ADICIONAL (KOHA)
Fuente del sistema de clasificación o colocación Library of Congress Classification
Tipo de ítem Koha Libros
Holdings
Estado de retiro Estado de pérdida Estado dañado No para préstamo Localización permanente Ubicación/localización actual Fecha de adquisición Número de inventario Total de préstamos Signatura topográfica completa Código de barras Fecha visto por última vez Precio válido a partir de Tipo de ítem Koha
El ejemplar forma parte de la colección y puede ser consultado según las políticas vigentes.       Biblioteca Centro de Estudios Ruth D. Lechuga Biblioteca Centro de Estudios Ruth D. Lechuga 08/07/2013 Au297   E99.N3 .H43 1997 (Au297) GRL00267 22/03/2019 22/03/2019 Libros